00561nam a22001937a 450000500170000001000130001702000220003003500130005203700160006504000120008108200110009324500780010426000500018227000630023230000250029565000150032065000130033570000190034820170124110115.0 aA-719441 c00.00a8185336997 aA-719441 bCen Lib/Ret aDPLbEN aSbAME aAmerican women writers :cedited by Aruna Sitesh bmodern short stories / aNew Delhi bAffiliated East-West Press c1994 bNew Delhi a104, nirmal tower, 26, barakhamba roade110001 axvi, 255p.c19cm(Hb) aLiterature aStories  aSitesh, Aruna